The constant image
| Main Author: | |
|---|---|
| Format: | Book |
| Published: |
Bath :
Chivers Press ,
1987
|
MARC
| LEADER | 00000cam a2200000 7i4500 | ||
|---|---|---|---|
| 001 | 0000000732 | ||
| 002 | 000000830 | ||
| 005 | 20000330.0 | ||
| 020 | |a 0862205743 | ||
| 090 | 0 | 0 | |a F |b DAV |
| 100 | 1 | |a Davenport, Marcia | |
| 245 | 1 | 4 | |a The constant image |c Marcia Davenport |
| 260 | |a Bath : |b Chivers Press , |c 1987 | ||
| 300 | |a 256p. ; |c 20cm. | ||
| 999 | |a 030794 |b BUKU |c FICTION |e PERPUSTAKAAN KOMUNITI PETALING JAYA | ||